书目信息 |
| 题名: |
百密一疏
|
|
| 作者: | 向宏 编译 | |
| 分册: | ||
| 出版信息: | 北京 中国电影出版社 2000.01 |
|
| 页数: | 410页 | |
| 开本: | 32开 | |
| 丛书名: | ||
| 单 册: | ||
| 中图分类: | I712.45 | |
| 科图分类: | ||
| 主题词: | 文学 | |
| 电子资源: | ||
| ISBN: | 7-106-01607-1 | |
| 000 | 00524nam0 2200193 45 | |
| 001 | 0009101565 | |
| 005 | 20000910155204.2 | |
| 010 | @a7-106-01607-1@d21.00元 | |
| 100 | @a20000910d2000 km y0chiy0120 ea | |
| 101 | 0 | @achi |
| 105 | @a z 000yy | |
| 200 | 1 | @a百密一疏@ABai Mi Yi Shu@f向宏 编译@FXiang Hong Bian Yi |
| 210 | @a北京@c中国电影出版社@d2000.01 | |
| 215 | @a410页@d32开 | |
| 606 | 0 | @a文学 |
| 690 | @aI712.45@v3 | |
| 701 | 0 | @a向宏@4编译 |
| 801 | @aCN@bPftUser@c20000910 | |
| 905 | @b133901-905@dI712.45@eX.294@f5 | |
| 百密一疏/向宏 编译.-北京:中国电影出版社,2000.01 |
| 410页;32开 |
| ISBN 7-106-01607-1:21.00元 |
| ● |
| 相关链接 |
|
|
|
正题名:百密一疏
索取号:I712.45/X.294
 
预约/预借
| 序号 | 登录号 | 条形码 | 馆藏地/架位号 | 状态 | 备注 |
| 1 | 133901 | 201339015 | 文学库116/116文学库 29排4列2层/ [索取号:I712.45/X.294] | 在馆 | |
| 2 | 133902 | 201339024 | 文学库116/ [索取号:I712.45/X.294] | 在馆 | |
| 3 | 133903 | 201339033 | 社科二线400B/400B社科库 28排3列1层/ [索取号:I712.45/X.294] | 在馆 | |
| 4 | 133904 | 201339042 | 文学库116/116文学库 29排4列2层/ [索取号:I712.45/X.294] | 在馆 | |
| 5 | 133905 | 201339051 | 社科二线400B/400B社科库 28排3列1层/ [索取号:I712.45/X.294] | 在馆 | |
| 6 | 484465 | 204844650 | 社科二线400B/400B社科库 30排1列2层/ [索取号:I712.45/X.294] | 在馆 |